Statistics for Biggest Cities Closer to Space than the Sea

Click here to take the quiz!

General Stats

  • This quiz has been taken 1,666 times
  • The average score is 10 of 20

Answer Stats

from seaPop.City% Correct
636km16.9mMoscow
88%
836km26.4mDelhi
80%
245km22.1mMexico City
70%
989km9.80mChicago
67%
623km13.7mTehran
64%
145km21.1mBeijing
60%
457km13.4mJohannesburg
54%
1017km10.2mLahore
54%
355km10.6mKinshasa
53%
149km11.2mParis
52%
533km7.10mToronto
50%
624km8.00mWuhan
50%
347km9.35mBogotá
45%
1061km9.60mChengdu
45%
116km16.8mCairo
42%
539km6.85mBaghdad
40%
852km7.05mChongqing
40%
268km9.00mHyderabad
38%
265km10.5mBengaluru
36%
165km7.65mShenyang
10%

Score Distribution

Percentile by Number Answered

Percent of People with Each Score

Your Score History

You have not taken this quiz